Thomas' calculus : (Record no. 30822)

MARC details
000 -LEADER
fixed length control field 01331nac a22003491i 4500
003 - CONTROL NUMBER IDENTIFIER
control field EG-ScBUE
005 - DATE AND TIME OF LATEST TRANSACTION
control field 20241003090030.0
008 - FIXED-LENGTH DATA ELEMENTS--GENERAL INFORMATION
fixed length control field 241003t2006 maua f 001 0 eng d
020 ## - INTERNATIONAL STANDARD BOOK NUMBER
International Standard Book Number 9780321198006
020 ## - INTERNATIONAL STANDARD BOOK NUMBER
International Standard Book Number 032119800X
040 ## - CATALOGING SOURCE
Original cataloging agency EG-ScBUE
Language of cataloging eng
Description conventions rda
Transcribing agency EG-ScBUE
Modifying agency EG-ScBUE
082 04 - DEWEY DECIMAL CLASSIFICATION NUMBER
Classification number 515
Item number WEI
Edition number 22
100 1# - MAIN ENTRY--PERSONAL NAME
Personal name Weir, Maurice D.,
Relator term author.
245 10 - TITLE STATEMENT
Title Thomas' calculus :
Remainder of title early transcendentals : based on the original work by George B. Thomas, Jr. /
Statement of responsibility, etc as revised by Maurice D. Weir, Naval Postgraduate School, Joel Hass, University of California, Davis, Frank R. Giordano, Naval Postgraduate School.
246 30 - VARYING FORM OF TITLE
Title proper/short title Calculus
250 ## - EDITION STATEMENT
Edition statement Eleventh edition.
250 ## - EDITION STATEMENT
Edition statement International edition.
264 #1 - PUBLICATION, DISTRIBUTION, ETC. (IMPRINT)
Place of publication, distribution, etc Boston :
Name of publisher, distributor, etc Pearson Addison-Wesley,
Date of publication, distribution, etc [2006]
264 #4 - PUBLICATION, DISTRIBUTION, ETC. (IMPRINT)
Date of publication, distribution, etc c2006
300 ## - PHYSICAL DESCRIPTION
Extent 1 volume (various pagings) :
Other physical details illustrations (some color) ;
Dimensions 26 cm
336 ## - CONTENT TYPE
Source rdacontent
Content type term text
Content type code txt
337 ## - MEDIA TYPE
Media type term unmediated
Source rdamedia
Media type code n
338 ## - CARRIER TYPE
Carrier type term volume
Carrier type code nc
Source rdacarrier
500 ## - GENERAL NOTE
General note Includes index.
600 17 - SUBJECT ADDED ENTRY--PERSONAL NAME
Source of heading or term BUEsh
Personal name Thomas, George B.,‏
Titles and other words associated with a name Jr.‏
Fuller form of name (George Brinton),‏
Dates associated with a name 1914-2006‏.
650 #7 - SUBJECT ADDED ENTRY--TOPICAL TERM
Topical term or geographic name as entry element Calculus.
Source of heading or term BUEsh
650 #7 - SUBJECT ADDED ENTRY--TOPICAL TERM
Topical term or geographic name as entry element Geometry, Analytic.
Source of heading or term BUEsh
655 ## - INDEX TERM--GENRE/FORM
Form subdivision Reading book
700 1# - ADDED ENTRY--PERSONAL NAME
Personal name Hass, Joel,
Relator term revisor.
700 1# - ADDED ENTRY--PERSONAL NAME
Personal name Giordano, Frank R.,
Relator term revisor.
942 ## - ADDED ENTRY ELEMENTS (KOHA)
Koha item type Book - Borrowing
Source of classification or shelving scheme Dewey Decimal Classification
Holdings
Withdrawn status Lost status Source of classification or shelving scheme Damaged status Not for loan Collection code Home library Current library Shelving location Date acquired Source of acquisition Total Checkouts Full call number Barcode Date last seen Price effective from Koha item type
    Dewey Decimal Classification     Baccah Central Library Central Library First floor 03/10/2024 Purchase   515 WEI 000004778 15/07/2025 03/10/2024 NB - Book (Non borrowing)
    Dewey Decimal Classification     Baccah Central Library Central Library First floor 03/10/2024 Purchase   515 WEI 000004777 15/07/2025 03/10/2024 Book - Borrowing
    Dewey Decimal Classification     Baccah Central Library Central Library First floor 03/10/2024 Purchase   515 WEI 000004776 15/07/2025 03/10/2024 Book - Borrowing